General knowledge #12 - Statistics

General Stats
  • This quiz has been taken 44 times
  • The average score is 11 of 20
Answer Stats
Hint Answer % Correct
Famous book about a boy wizard Harry Potter
95%
And so what country is better( don’t worry UK we still love you) The United States of America
90%
Whats do people in the UK call French fries Chips
81%
Everyone human alive today is the same species and that species is homo______ Sapiens
79%
But what about the 4th biggest South America
76%
What is the most populated country in Europe Germany
74%
3rd biggest continent by land area North America
71%
How may dots are on a pair of dice 42
69%
And what do they call chips Crisps
69%
What island has massive heads of people buried in the ground Easter island
67%
Name of the short green guy in star wars Yoda
64%
What artists Eras tour is said to have greatly helped the USA economy Taylor swift
60%
But what human species first had fire homo____ Erectus
55%
After plain _____is the most popular kind of yogurt Greek
31%
What is a funny immature number relating to questions 3 and 4 420
29%
What state legalized weed first Colorado
26%
Prehistory is defined as the time before____(hint its a verb) Writing
19%
And what year did we officially beat them in the revolutionary war 1783
17%
Who is the main character in the TV show parks and recreation Leslie Knope
12%
Complete this song line shawdy’s like a ___- Melody
12%
No matching quizzes found
Score Distribution
Percent of People with Each Score
Percentile by Number Answered
Your Score History
You have not taken this quiz